| 000 | 01226cam a22003734a 4500 | ||
|---|---|---|---|
| 001 | 7236233 | ||
| 003 | ARRUPE | ||
| 005 | 20161017092352.0 | ||
| 008 | 090302s2009 enk b 001 0 eng | ||
| 010 | _a 2009009062 | ||
| 020 | _a9780521846301 (hardback) | ||
| 020 | _a0521846307 (hardback) | ||
| 020 | _a9780521608671 (pbk.) | ||
| 020 | _a0521608678 (pbk.) | ||
| 024 | _a40016847537 | ||
| 035 | _a(OCoLC)ocn268793246 | ||
| 035 |
_a(OCoLC)268793246 _z(OCoLC)303020878 |
||
| 035 | _a(NNC)7236233 | ||
| 040 |
_aDLC _cDLC _dBTCTA _dYDXCP _dUKM _dBWKUK |
||
| 050 | 0 | 0 | _aGN362.C345 2009 |
| 082 | 0 | 0 |
_a301.01 _222 |
| 100 |
_aBoris Wiseman. _926751 |
||
| 245 | 0 | 4 |
_aThe Cambridge companion to Lévi-Strauss / _cedited by Boris Wiseman. |
| 260 |
_aCambridge, _bCambridge University Press , _c2009. |
||
| 300 |
_axii, 337 p.; _c24 cm. |
||
| 504 | _aIncludes bibliographical references (p. 315-320) and index. | ||
| 600 | 1 | 0 |
_aLévi-Strauss, Claude _xPhilosophy. _926752 |
| 600 | 1 | 0 |
_aLévi-Strauss, Claude _xCriticism and interpretation. _926753 |
| 650 | 0 |
_aStructural anthropology. _926754 |
|
| 700 | 1 |
_aWiseman, Boris. _926755 |
|
| 942 |
_2lcc _cMONOGRAPH |
||
| 948 | 1 |
_a20090813 _bc _cvt2130 _dMPS |
|
| 999 |
_c125513 _d125513 |
||